Statistics for Biggest City in Every State by Letter on a Map - A

Click here to take the quiz!

General Stats

  • This quiz has been taken 118 times
    (91 since last reset)
  • The average score is 20 of 39

Answers on the Map

Answers color-coded by a green-red scale on the quiz's map according to % correct below.
Loading ...
 

Answer Stats

StatePopulationCity% Correct
Georgia506,811Atlanta
100%
New Mexico560,513Albuquerque
98%
Alaska288,000Anchorage
98%
Texas978,908Austin
98%
California350,365Anaheim
91%
Oregon55,338Albany
90%
New York96,460Albany
90%
Illinois197,757Aurora
90%
Colorado379,289Aurora
90%
Ohio197,597Akron
86%
Michigan119,980Ann Arbor
86%
Virginia236,842Arlington
83%
Massachusetts45,531Arlington
83%
Pennsylvania121,442Allentown
76%
North Carolina92,870Asheville
71%
Louisiana46,180Alexandria
69%
Maryland39,223Annapolis
69%
New Jersey37,743Atlantic City
57%
Washington81,864Auburn
50%
Alabama66,259Auburn
50%
Maine23,414Auburn
50%
Wisconsin74,098Appleton
48%
South Dakota28,257Aberdeen
47%
Tennessee13,458Athens
34%
Indiana54,765Anderson
29%
Arizona87,931Avondale
26%
Minnesota55,135Apple Valley
24%
Iowa67,355Ankeny
22%
Florida53,489Apopka
22%
Oklahoma24,698Ardmore
17%
South Carolina30,869Aiken
16%
Kentucky20,146Ashland
16%
Arkansas10,714Arkadelphia
14%
New Hampshire11,201Amherst
12%
Kansas12,415Arkansas City
12%
Utah33,161American Fork
5%
Idaho17,115Amon
2%
Connecticut18,654Ansonia
2%
Missouri21,091Arnold
2%

Score Distribution

Percentile by Number Answered

Percent of People with Each Score

Your Score History

You have not taken this quiz since the last reset